| LEADER | 00647cam a2200217 7i4500 | ||
|---|---|---|---|
| 001 | 0000021884 | ||
| 005 | 20090706090000.0 | ||
| 008 | 080410 eng | ||
| 020 | |a 9780406517609 | ||
| 020 | |a 0406517606 (pbk.) | ||
| 090 | 0 | 0 | |a KD661 |b .S56 1991 |
| 100 | 1 | |a Sim, R. S | |
| 245 | 1 | 0 | |a A Level English law |c R S Sim, P J Pace. |
| 246 | 3 | |a Sim and Scott's A Level English law. | |
| 250 | |a 7th ed. | ||
| 260 | |a London: |b Butterworths, |c 1991. | ||
| 300 | |a xlix, 547 p.; |c 22 cm. | ||
| 500 | |a Includes index | ||
| 650 | 0 | 0 | |a Law -- |z Great Britain |
| 700 | 1 | |a Pace, P J | |
| 999 | |a 0000028459 |b BOK |c OPEN SHELF |e 1st Floor, Bestari Jaya | ||


